000 00441nam a2200193Ia 4500
008 240510s9999 xx 000 0 und d
020 _a093403513X
041 _aEng
082 _a005.3
082 _bC18
100 _aCARUOTO J. , BERST J.
245 0 _aINSIDE XEROX VENTURA PUBLISHER
260 _bCALIFORNIA : NEW RIDERS
260 _c1987
300 _a328 p.
650 _aVENTURA : PROGRAMS
942 _2ddc
942 _cLBK
999 _c26316
_d26316
945 _a1
_bMadushi Gamage
_c1
_dMadushi Gamage